000 00848nam0a2200253 4500
001 RU\NLR\BIBL_A\011889256
005 20250626144202.0
010 _91000
035 _a(NLR Aleph) 011889256
090 _a13419905
_c13419905
100 _a20181212d1970 |||y0rusy50 ca
101 0 _aady
102 _aRU
105 _aca z 000 y
200 1 _aСолдат письмэхэр
210 _aМыекъуапэ
_cКраснодарскэ тхылъ тедзапIэм и Адыгэ отделение
_d1970
215 _a58, [1] с.
_cпортр., ил.
_d1970
300 _aНа обл. авт. не указан
541 1 _6z01790
_aСолдатские письма
_zrus
700 1 _aХачемизов
_bБ. С.
_gБиболет Сагидович
_4070
852 _aNLR
_bОНЛ
_jАдыг./2-631
942 _cBOOK
980 _aNB